00701nam a22001097a 4500040000800000082002700008100002000035245039800055260002600453300002500479856008700504 cRUA aAED LAN 2009 B242 Or.1 aLANH, PENGNGIN. aTh estudy on entergrated farming system in LWF project tuek phos district kampong chhnang province, ការសិក្សាអំពីប្រព័ន្ធកសិកម្មចមរុះរបស់អង្គការលូថេរ៉ាន បំរើពីភពលោកនៅក្នុងស្រុកទឹកផុស ខេត្តកំពង់ឆ្នាំង aPhnom PenhbRUAc2009 ax; 44p.bill.c29cm. uhttps://drive.google.com/file/d/1GUy5ZrlwJd5yPb-2T_Iw-P4N_ZHJ03xy/view?usp=sharing